Online katalóg knižníc regiónu Turca

Barbie (Record no. 21466)

MARC details
000 -LEADER
fixed length control field 01192nam a2200385 a 4500
001 - CONTROL NUMBER
control field 21466
003 - CONTROL NUMBER IDENTIFIER
control field VRT
005 - DATE AND TIME OF LATEST TRANSACTION
control field 20260302130500.0
008 - FIXED-LENGTH DATA ELEMENTS--GENERAL INFORMATION
fixed length control field 120625s2012 xr a 000 0 slo c
020 ## - INTERNATIONAL STANDARD BOOK NUMBER
International Standard Book Number 9788025220993 (viaz.)
039 #9 - LEVEL OF BIBLIOGRAPHIC CONTROL AND CODING DETAIL [OBSOLETE]
Level of rules in bibliographic description 201812131052
Level of effort used to assign nonsubject heading access points mtotk19
Level of effort used to assign subject headings 201409241520
Level of effort used to assign classification mbpksh02
Level of effort used to assign subject headings 201309110921
Level of effort used to assign classification mttkjf04
Level of effort used to assign subject headings 201206251051
Level of effort used to assign classification mvthk05
040 ## - CATALOGING SOURCE
Original cataloging agency VTHK
Language of cataloging slo
Transcribing agency VTHK
Description conventions AACR2
041 1# - LANGUAGE CODE
Language code of text/sound track or separate title slo
Language code of original eng
044 ## - COUNTRY OF PUBLISHING/PRODUCING ENTITY CODE
MARC country code xr
ISO country code CZ
072 #7 - SUBJECT CATEGORY CODE
Subject category code 821-93
Subject category code subdivision Literatúra pre deti a mládež (beletria)
Source konspekt
080 ## - UNIVERSAL DECIMAL CLASSIFICATION NUMBER
Universal Decimal Classification number 821-93
Edition identifier 2001
240 10 - UNIFORM TITLE
Uniform title Barbie in a mermaid tale 2
Language of a work Slovensky
245 1# - TITLE STATEMENT
Title Barbie
Remainder of title príbeh morskej panny 2
Statement of responsibility, etc. [preložila Irena Novotná]
246 30 - VARYING FORM OF TITLE
Title proper/short title Príbeh morskej panny 2
250 ## - EDITION STATEMENT
Edition statement 1. vyd.
260 ## - PUBLICATION, DISTRIBUTION, ETC.
Place of publication, distribution, etc. Praha
Name of publisher, distributor, etc. Egmont ČR
Date of publication, distribution, etc. 2012
300 ## - PHYSICAL DESCRIPTION
Extent [27 s.]
Other physical details fareb. ilustr.
Dimensions 25 cm
490 1# - SERIES STATEMENT
Series statement Barbie
500 ## - GENERAL NOTE
General note Preklad z angličtiny
655 #7 - INDEX TERM--GENRE/FORM
Genre/form data or focus term publikácie pre deti
Source of term SNKPH
700 1# - ADDED ENTRY--PERSONAL NAME
Personal name Novotná, Irena
Relationship trl
830 #0 - SERIES ADDED ENTRY--UNIFORM TITLE
Uniform title Barbie
910 ## - USER-OPTION DATA (OCLC)
User-option data vthk
910 ## - USER-OPTION DATA (OCLC)
User-option data ttkjf
910 ## - USER-OPTION DATA (OCLC)
User-option data bpksh
910 ## - USER-OPTION DATA (OCLC)
User-option data totk
942 ## - ADDED ENTRY ELEMENTS (KOHA)
Source of classification or shelving scheme Dewey Decimal Classification
Koha item type Krásna literatúra pre deti
Suppress in OPAC No
949 ## - LOCAL PROCESSING INFORMATION (OCLC)
6 3869A11549
a bpksh821-93
b bpksh64967
Holdings
Stav vyradenia Strata Poškodenie Spôsob nadobudnutia Domovská knižnica Aktuálna knižnica Dátum nadobudnutia Total checkouts Čiarový kód exemplára Date last seen Typ exemplára
      Dar Obecná knižnica Turčianska Štiavnička Obecná knižnica Turčianska Štiavnička 02.03.2026   4738000164 02.03.2026 Krásna literatúra pre deti
Projekt je podporený Slovenskou asociáciou knižníc
Prevádzkuje Turčianska knižnica Martin 2026